[Event "DEM U18 2025"]
[Site "Willingen GER"]
[Date "2025.06.09"]
[Round "3"]
[White "Stichter, Constantin Paul"]
[Black "Lübke, Florentin"]
[Result "0-1"]
[Termination "normal"]
[Board "9"]
[WhiteTitle "CM"]
[WhiteElo "2216"]
[BlackElo "2180"]
[WhiteClock "00:27:22"]
[BlackClock "00:07:52"]
[PlyCount "126"]
[WhiteFideId "34603140"]
[BlackFideId "16281799"]
[EventCountry "GER"]
[EventRounds "9"]
[EventType "swiss"]
[EventDate "2025.06.07"]

1. e4 {[%clk 01:30:57]} {[%emt 00:00:03]} d5 {[%clk 01:29:07]} {[%emt
00:01:43]} 2. exd5 {[%clk 01:25:16]} {[%emt 00:06:22]} Qxd5 {[%clk 01:27:53]}
{[%emt 00:01:43]} 3. Nc3 {[%clk 01:25:32]} {[%emt 00:00:14]} Qa5 {[%clk
01:28:00]} {[%emt 00:00:23]} 4. d4 {[%clk 01:21:36]} {[%emt 00:04:26]} Nf6
{[%clk 01:28:09]} {[%emt 00:00:21]} 5. Nf3 {[%clk 01:19:19]} {[%emt 00:02:47]}
Bf5 {[%clk 01:28:02]} {[%emt 00:00:37]} 6. Ne5 {[%clk 01:17:29]} {[%emt
00:02:20]} e6 {[%clk 01:24:25]} {[%emt 00:04:07]} 7. a3 {[%clk 00:47:23]}
{[%emt 00:30:37]} c6 {[%clk 01:16:25]} {[%emt 00:08:29]} 8. g4 {[%clk
00:42:18]} {[%emt 00:05:35]} Bg6 {[%clk 01:15:28]} {[%emt 00:01:27]} 9. Bg2
{[%clk 00:39:36]} {[%emt 00:03:11]} Nbd7 {[%clk 01:10:05]} {[%emt 00:05:54]}
10. Nxd7 {[%clk 00:33:38]} {[%emt 00:06:28]} Nxd7 {[%clk 01:04:17]} {[%emt
00:06:18]} 11. Bf4 {[%clk 00:32:39]} {[%emt 00:01:29]} Be7 {[%clk 00:57:37]}
{[%emt 00:07:10]} 12. Qd2 {[%clk 00:28:59]} {[%emt 00:04:10]} h5 {[%clk
00:44:51]} {[%emt 00:13:16]} 13. g5 {[%clk 00:25:26]} {[%emt 00:04:03]} Bb4
{[%clk 00:43:01]} {[%emt 00:02:21]} 14. O-O {[%clk 00:23:32]} {[%emt 00:02:24]}
Bxc3 {[%clk 00:43:04]} {[%emt 00:00:26]} 15. bxc3 {[%clk 00:23:57]} {[%emt
00:00:05]} Nb6 {[%clk 00:31:03]} {[%emt 00:12:30]} 16. Rfe1 {[%clk 00:06:18]}
{[%emt 00:18:10]} O-O-O {[%clk 00:13:06]} {[%emt 00:18:27]} 17. Reb1 {[%clk
00:00:57]} {[%emt 00:05:51]} Nd5 {[%clk 00:04:47]} {[%emt 00:08:49]} 18. Be3
{[%clk 00:00:31]} {[%emt 00:00:56]} Qxc3 {[%clk 00:04:03]} {[%emt 00:01:13]}
19. Qxc3 {[%clk 00:00:47]} {[%emt 00:00:15]} Nxc3 {[%clk 00:04:20]} {[%emt
00:00:13]} 20. Re1 {[%clk 00:00:39]} {[%emt 00:00:38]} Nb5 {[%clk 00:04:06]}
{[%emt 00:00:44]} 21. Red1 {[%clk 00:00:37]} {[%emt 00:00:32]} Bxc2 {[%clk
00:04:05]} {[%emt 00:00:32]} 22. Rd2 {[%clk 00:01:05]} {[%emt 00:00:01]} Bf5
{[%clk 00:04:09]} {[%emt 00:00:25]} 23. Rc1 {[%clk 00:01:16]} {[%emt 00:00:21]}
Nc7 {[%clk 00:03:37]} {[%emt 00:01:01]} 24. Rb2 {[%clk 00:01:21]} {[%emt
00:00:25]} Nd5 {[%clk 00:03:24]} {[%emt 00:00:42]} 25. Bd2 {[%clk 00:01:50]}
{[%emt 00:00:02]} Bd3 {[%clk 00:02:19]} {[%emt 00:01:34]} 26. Rb3 {[%clk
00:01:11]} {[%emt 00:01:09]} Ba6 {[%clk 00:01:52]} {[%emt 00:00:58]} 27. Rg3
{[%clk 00:01:15]} {[%emt 00:00:27]} g6 {[%clk 00:01:13]} {[%emt 00:01:08]} 28.
Rf3 {[%clk 00:01:35]} {[%emt 00:00:09]} Rd7 {[%clk 00:01:38]} {[%emt 00:00:06]}
29. Rb3 {[%clk 00:01:16]} {[%emt 00:00:49]} Rhd8 {[%clk 00:01:28]} {[%emt
00:00:39]} 30. Ba5 {[%clk 00:01:27]} {[%emt 00:00:20]} Re8 {[%clk 00:01:47]}
{[%emt 00:00:11]} 31. Bd2 {[%clk 00:01:51]} {[%emt 00:00:06]} Nb6 {[%clk
00:01:36]} {[%emt 00:00:40]} 32. Be3 {[%clk 00:00:46]} {[%emt 00:01:36]} Be2
{[%clk 00:00:40]} {[%emt 00:01:26]} 33. a4 {[%clk 00:00:55]} {[%emt 00:00:21]}
Nc4 {[%clk 00:00:40]} {[%emt 00:00:31]} 34. a5 {[%clk 00:00:39]} {[%emt
00:00:46]} Nxe3 {[%clk 00:00:38]} {[%emt 00:00:31]} 35. fxe3 {[%clk 00:01:07]}
{[%emt 00:00:02]} a6 {[%clk 00:00:36]} {[%emt 00:00:32]} 36. Rb2 {[%clk
00:00:36]} {[%emt 00:01:00]} Bb5 {[%clk 00:00:41]} {[%emt 00:00:24]} 37. d5
{[%clk 00:01:03]} {[%emt 00:00:05]} exd5 {[%clk 00:00:41]} {[%emt 00:00:30]}
38. Bh3 {[%clk 00:01:31]} {[%emt 00:00:01]} Rxe3 {[%clk 00:00:50]} {[%emt
00:00:21]} 39. Bxd7+ {[%clk 00:01:55]} {[%emt 00:00:07]} Kxd7 {[%clk 00:01:16]}
{[%emt 00:00:04]} 40. Rf2 {[%clk 00:02:16]} {[%emt 00:00:09]} Ke7 {[%clk
00:01:17]} {[%emt 00:00:29]} 41. Rd1 {[%clk 00:01:59]} {[%emt 00:00:48]} h4
{[%clk 00:23:36]} {[%emt 00:08:10]} 42. Rf4 {[%clk 00:31:42]} {[%emt 00:00:47]}
h3 {[%clk 00:20:53]} {[%emt 00:03:13]} 43. Kf2 {[%clk 00:31:37]} {[%emt
00:00:35]} Re2+ {[%clk 00:19:05]} {[%emt 00:02:19]} 44. Kg3 {[%clk 00:31:47]}
{[%emt 00:00:19]} Rg2+ {[%clk 00:19:03]} {[%emt 00:00:32]} 45. Kh4 {[%clk
00:31:23]} {[%emt 00:00:53]} Rxh2 {[%clk 00:16:21]} {[%emt 00:03:12]} 46. Re1+
{[%clk 00:31:01]} {[%emt 00:00:52]} Kf8 {[%clk 00:15:55]} {[%emt 00:00:57]} 47.
Re3 {[%clk 00:30:30]} {[%emt 00:01:00]} Rg2 {[%clk 00:14:04]} {[%emt 00:02:21]}
48. Rxh3 {[%clk 00:26:57]} {[%emt 00:04:04]} f5 {[%clk 00:13:05]} {[%emt
00:01:28]} 49. Re3 {[%clk 00:26:28]} {[%emt 00:00:59]} Rh2+ {[%clk 00:10:19]}
{[%emt 00:03:16]} 50. Kg3 {[%clk 00:26:47]} {[%emt 00:00:11]} Rh5 {[%clk
00:10:31]} {[%emt 00:00:18]} 51. Rh4 {[%clk 00:27:10]} {[%emt 00:00:07]} Rxg5+
{[%clk 00:09:34]} {[%emt 00:01:28]} 52. Kf3 {[%clk 00:27:24]} {[%emt 00:00:16]}
Kg7 {[%clk 00:08:00]} {[%emt 00:02:04]} 53. Re7+ {[%clk 00:26:22]} {[%emt
00:01:32]} Kf6 {[%clk 00:08:23]} {[%emt 00:00:07]} 54. Rhh7 {[%clk 00:26:21]}
{[%emt 00:00:30]} Rg1 {[%clk 00:08:26]} {[%emt 00:00:27]} 55. Kf4 {[%clk
00:25:50]} {[%emt 00:01:01]} Rf1+ {[%clk 00:08:06]} {[%emt 00:00:51]} 56. Kg3
{[%clk 00:26:09]} {[%emt 00:00:10]} Ra1 {[%clk 00:07:14]} {[%emt 00:01:24]} 57.
Rhf7+ {[%clk 00:25:58]} {[%emt 00:00:40]} Kg5 {[%clk 00:07:35]} {[%emt
00:00:08]} 58. Re6 {[%clk 00:26:18]} {[%emt 00:00:10]} Rxa5 {[%clk 00:07:15]}
{[%emt 00:00:50]} 59. Rff6 {[%clk 00:26:15]} {[%emt 00:00:34]} Ra3+ {[%clk
00:07:33]} {[%emt 00:00:12]} 60. Kf2 {[%clk 00:26:44]} Kf4 {[%clk 00:07:44]}
{[%emt 00:00:20]} 61. Rxg6 {[%clk 00:27:09]} {[%emt 00:00:05]} Ra2+ {[%clk
00:07:44]} {[%emt 00:00:30]} 62. Ke1 {[%clk 00:27:24]} {[%emt 00:00:15]} Bd3
{[%clk 00:07:52]} {[%emt 00:00:21]} 63. Rg2 {[%clk 00:27:22]} {[%emt 00:00:33]}
Rxg2 {[%emt 00:00:48]} 0-1

[Event "DEM U18 2025"]
[Site "Willingen GER"]
[Date "2025.06.09"]
[Round "3"]
[White "Beyer, Lorenz"]
[Black "Ensslinger, Colin"]
[Result "1/2-1/2"]
[Termination "normal"]
[Board "10"]
[WhiteElo "2226"]
[BlackElo "2081"]
[WhiteClock "00:09:33"]
[BlackClock "00:35:58"]
[PlyCount "61"]
[WhiteFideId "16245393"]
[BlackFideId "16226011"]
[EventCountry "GER"]
[EventRounds "9"]
[EventType "swiss"]
[EventDate "2025.06.07"]

1. d4 {[%clk 01:30:32]} {[%emt 00:00:29]} Nf6 {[%clk 01:30:52]} {[%emt
00:00:08]} 2. Bf4 {[%clk 01:30:57]} {[%emt 00:00:05]} b6 {[%clk 01:31:09]}
{[%emt 00:00:13]} 3. Nf3 {[%clk 01:31:22]} {[%emt 00:00:06]} Bb7 {[%clk
01:31:35]} {[%emt 00:00:04]} 4. e3 {[%clk 01:31:46]} {[%emt 00:00:05]} g6
{[%clk 01:32:00]} {[%emt 00:00:05]} 5. h3 {[%clk 01:32:13]} {[%emt 00:00:03]}
Bg7 {[%clk 01:32:24]} {[%emt 00:00:07]} 6. Be2 {[%clk 01:32:39]} {[%emt
00:00:03]} O-O {[%clk 01:32:47]} {[%emt 00:00:06]} 7. O-O {[%clk 01:33:06]}
{[%emt 00:00:04]} d6 {[%clk 01:32:58]} {[%emt 00:00:18]} 8. a4 {[%clk
01:33:31]} {[%emt 00:00:06]} a6 {[%clk 01:33:22]} {[%emt 00:00:05]} 9. c3
{[%clk 01:33:56]} {[%emt 00:00:06]} Nbd7 {[%clk 01:33:45]} {[%emt 00:00:06]}
10. Bh2 {[%clk 01:34:13]} {[%emt 00:00:14]} c5 {[%clk 01:33:01]} {[%emt
00:01:14]} 11. Nbd2 {[%clk 01:34:35]} {[%emt 00:00:08]} cxd4 {[%clk 01:33:13]}
{[%emt 00:00:17]} 12. exd4 {[%clk 01:34:58]} {[%emt 00:00:07]} Nd5 {[%clk
01:33:06]} {[%emt 00:00:37]} 13. Qb3 {[%clk 01:34:36]} {[%emt 00:00:52]} Bh6
{[%clk 01:27:07]} {[%emt 00:06:29]} 14. Rfe1 {[%clk 01:28:45]} {[%emt
00:06:21]} Bc6 {[%clk 01:14:54]} {[%emt 00:12:43]} 15. Bf1 {[%clk 01:21:13]}
{[%emt 00:08:03]} Bf4 {[%clk 01:12:25]} {[%emt 00:02:59]} 16. c4 {[%clk
01:16:02]} {[%emt 00:05:41]} Bxh2+ {[%clk 01:10:53]} {[%emt 00:02:02]} 17. Nxh2
{[%clk 01:13:07]} {[%emt 00:03:24]} N5f6 {[%clk 01:09:38]} {[%emt 00:01:45]}
18. Qe3 {[%clk 01:08:55]} {[%emt 00:04:42]} Qc7 {[%clk 01:02:19]} {[%emt
00:07:50]} 19. d5 {[%clk 00:57:27]} {[%emt 00:11:59]} Bb7 {[%clk 01:02:33]}
{[%emt 00:00:15]} 20. Qg5 {[%clk 00:56:57]} {[%emt 00:01:00]} Rae8 {[%clk
01:00:10]} {[%emt 00:02:52]} 21. Ng4 {[%clk 00:54:12]} {[%emt 00:03:15]} Nxg4
{[%clk 00:59:08]} {[%emt 00:01:32]} 22. hxg4 {[%clk 00:47:19]} {[%emt
00:07:24]} e5 {[%clk 00:55:27]} {[%emt 00:04:11]} 23. Qh6 {[%clk 00:42:44]}
{[%emt 00:05:05]} f6 {[%clk 00:50:07]} {[%emt 00:05:50]} 24. Bd3 {[%clk
00:38:49]} {[%emt 00:04:25]} Nc5 {[%clk 00:49:42]} {[%emt 00:00:54]} 25. Bc2
{[%clk 00:38:18]} {[%emt 00:01:02]} a5 {[%clk 00:48:50]} {[%emt 00:01:22]} 26.
Re3 {[%clk 00:34:42]} {[%emt 00:04:06]} Bc8 {[%clk 00:44:55]} {[%emt 00:04:24]}
27. Qh4 {[%clk 00:30:33]} {[%emt 00:04:40]} Qe7 {[%clk 00:37:40]} {[%emt
00:07:45]} 28. Qh6 {[%clk 00:09:23]} {[%emt 00:21:39]} Qg7 {[%clk 00:35:17]}
{[%emt 00:02:53]} 29. Qh4 {[%clk 00:09:24]} {[%emt 00:00:30]} Qe7 {[%clk
00:35:30]} {[%emt 00:00:16]} 30. Qh6 {[%clk 00:09:33]} {[%emt 00:00:21]} Qg7
{[%clk 00:35:58]} {[%emt 00:00:02]} 31. Qh4 {[%emt 00:01:27]} 1/2-1/2

[Event "DEM U18 2025"]
[Site "Willingen GER"]
[Date "2025.06.09"]
[Round "3"]
[White "Rempe, Jonas"]
[Black "Schwarz, David"]
[Result "0-1"]
[Termination "normal"]
[Board "11"]
[WhiteTitle "CM"]
[WhiteElo "2135"]
[BlackElo "2137"]
[WhiteClock "00:28:15"]
[BlackClock "00:21:36"]
[PlyCount "110"]
[WhiteFideId "16202406"]
[BlackFideId "16287614"]
[EventCountry "GER"]
[EventRounds "9"]
[EventType "swiss"]
[EventDate "2025.06.07"]

1. e4 {[%clk 01:30:43]} {[%emt 00:00:14]} c6 {[%clk 01:30:58]} {[%emt
00:00:06]} 2. d4 {[%clk 01:31:04]} {[%emt 00:00:09]} d5 {[%clk 01:31:26]}
{[%emt 00:00:02]} 3. e5 {[%clk 01:31:26]} {[%emt 00:00:08]} Bf5 {[%clk
01:31:53]} {[%emt 00:00:03]} 4. h4 {[%clk 01:31:48]} {[%emt 00:00:07]} Qb6
{[%clk 01:32:19]} {[%emt 00:00:04]} 5. Nc3 {[%clk 01:28:01]} {[%emt 00:04:17]}
h5 {[%clk 01:31:25]} {[%emt 00:01:25]} 6. Nf3 {[%clk 01:06:05]} {[%emt
00:22:25]} e6 {[%clk 01:31:00]} {[%emt 00:00:57]} 7. Rb1 {[%clk 01:03:20]}
{[%emt 00:03:13]} Nd7 {[%clk 01:24:57]} {[%emt 00:06:33]} 8. Bd3 {[%clk
01:00:26]} {[%emt 00:03:24]} Bg4 {[%clk 01:24:50]} {[%emt 00:00:37]} 9. Be3
{[%clk 00:59:28]} {[%emt 00:01:27]} c5 {[%clk 01:21:29]} {[%emt 00:03:53]} 10.
Be2 {[%clk 00:54:38]} {[%emt 00:05:19]} Nh6 {[%clk 01:16:31]} {[%emt 00:05:29]}
11. O-O {[%clk 00:39:19]} {[%emt 00:15:48]} Nf5 {[%clk 01:16:24]} {[%emt
00:00:37]} 12. dxc5 {[%clk 00:39:43]} {[%emt 00:00:06]} Bxc5 {[%clk 01:14:59]}
{[%emt 00:01:55]} 13. Bxc5 {[%clk 00:37:45]} {[%emt 00:02:29]} Qxc5 {[%clk
01:15:09]} {[%emt 00:00:19]} 14. Re1 {[%clk 00:36:23]} {[%emt 00:01:51]} Rc8
{[%clk 01:06:07]} {[%emt 00:09:33]} 15. Nh2 {[%clk 00:26:29]} {[%emt 00:10:24]}
Nxe5 {[%clk 00:55:16]} {[%emt 00:11:21]} 16. Bxg4 {[%clk 00:24:17]} {[%emt
00:02:42]} Nxg4 {[%clk 00:53:56]} {[%emt 00:01:51]} 17. Nxg4 {[%clk 00:24:36]}
{[%emt 00:00:10]} hxg4 {[%clk 00:54:20]} {[%emt 00:00:06]} 18. Qxg4 {[%clk
00:25:01]} {[%emt 00:00:04]} d4 {[%clk 00:52:46]} {[%emt 00:02:05]} 19. Ne4
{[%clk 00:16:12]} {[%emt 00:09:19]} Qxc2 {[%clk 00:49:21]} {[%emt 00:03:56]}
20. Qg5 {[%clk 00:14:18]} {[%emt 00:02:23]} O-O {[%clk 00:45:37]} {[%emt
00:04:15]} 21. g4 {[%clk 00:06:34]} {[%emt 00:08:14]} Nh6 {[%clk 00:45:31]}
{[%emt 00:00:35]} 22. Rbd1 {[%clk 00:02:16]} {[%emt 00:04:49]} f6 {[%clk
00:28:56]} {[%emt 00:17:04]} 23. Qg6 {[%clk 00:02:01]} {[%emt 00:00:45]} Nxg4
{[%clk 00:29:21]} {[%emt 00:00:06]} 24. Rd2 {[%clk 00:00:52]} {[%emt 00:01:39]}
Ne5 {[%clk 00:28:19]} {[%emt 00:01:32]} 25. Nxf6+ {[%clk 00:01:09]} {[%emt
00:00:12]} Rxf6 {[%clk 00:28:32]} {[%emt 00:00:18]} 26. Qxc2 {[%clk 00:00:53]}
{[%emt 00:00:46]} Rxc2 {[%clk 00:28:28]} {[%emt 00:00:33]} 27. Rxc2 {[%clk
00:01:18]} {[%emt 00:00:05]} Nf3+ {[%clk 00:28:25]} {[%emt 00:00:33]} 28. Kf1
{[%clk 00:01:46]} {[%emt 00:00:02]} Nxe1 29. Kxe1 {[%clk 00:02:14]} e5 {[%clk
00:27:47]} {[%emt 00:00:22]} 30. Rc8+ {[%clk 00:02:27]} {[%emt 00:00:17]} Kh7
{[%clk 00:23:30]} {[%emt 00:04:48]} 31. Re8 {[%clk 00:02:10]} {[%emt 00:00:47]}
Rb6 {[%clk 00:22:25]} {[%emt 00:01:34]} 32. b3 {[%clk 00:02:39]} Ra6 {[%clk
00:04:30]} {[%emt 00:18:27]} 33. a4 {[%clk 00:02:48]} {[%emt 00:00:21]} Rb6
{[%clk 00:04:58]} {[%emt 00:00:03]} 34. Rxe5 {[%clk 00:03:12]} {[%emt
00:00:05]} Rxb3 {[%clk 00:05:24]} {[%emt 00:00:05]} 35. Ra5 {[%clk 00:02:17]}
{[%emt 00:01:24]} a6 {[%clk 00:03:14]} {[%emt 00:02:40]} 36. Rd5 {[%clk
00:02:42]} {[%emt 00:00:05]} Rb4 {[%clk 00:02:45]} {[%emt 00:01:00]} 37. a5
{[%clk 00:03:05]} {[%emt 00:00:06]} Rb5 {[%clk 00:01:45]} {[%emt 00:01:30]} 38.
Rxd4 {[%clk 00:03:00]} {[%emt 00:00:35]} Rxa5 {[%clk 00:02:12]} {[%emt
00:00:04]} 39. Rd7 {[%clk 00:03:17]} {[%emt 00:00:12]} b5 {[%clk 00:02:21]}
{[%emt 00:00:22]} 40. Rb7 {[%clk 00:03:41]} {[%emt 00:00:05]} Kh6 {[%clk
00:00:46]} {[%emt 00:02:06]} 41. h5 {[%clk 00:02:56]} {[%emt 00:01:14]} Ra4
{[%clk 00:23:15]} {[%emt 00:08:01]} 42. Ke2 {[%clk 00:29:53]} {[%emt 00:03:33]}
b4 {[%clk 00:22:03]} {[%emt 00:01:42]} 43. Kd3 {[%clk 00:29:33]} {[%emt
00:00:50]} a5 {[%clk 00:21:30]} {[%emt 00:01:03]} 44. f4 {[%clk 00:29:05]}
{[%emt 00:00:58]} Ra3+ {[%clk 00:20:17]} {[%emt 00:01:43]} 45. Kc4 {[%clk
00:29:05]} b3 {[%clk 00:20:04]} {[%emt 00:01:13]} 46. f5 {[%emt 00:04:22]} Ra4+
{[%clk 00:19:13]} 47. Kc3 {[%clk 00:26:49]} {[%emt 00:00:15]} Rb4 {[%clk
00:19:18]} {[%emt 00:00:25]} 48. Rxb4 {[%clk 00:25:51]} {[%emt 00:01:28]} axb4+
{[%clk 00:19:41]} {[%emt 00:00:08]} 49. Kxb3 {[%clk 00:26:15]} {[%emt
00:00:04]} Kxh5 {[%clk 00:20:07]} {[%emt 00:00:05]} 50. Kxb4 {[%clk 00:26:28]}
{[%emt 00:00:17]} Kg5 {[%clk 00:20:33]} {[%emt 00:00:03]} 51. Kc3 {[%clk
00:26:41]} {[%emt 00:00:18]} Kxf5 {[%clk 00:21:00]} {[%emt 00:00:04]} 52. Kd3
{[%clk 00:27:05]} {[%emt 00:00:05]} Kf4 {[%clk 00:21:23]} {[%emt 00:00:07]} 53.
Ke2 {[%clk 00:27:31]} {[%emt 00:00:04]} Kg3 {[%clk 00:21:00]} {[%emt 00:00:53]}
54. Kf1 {[%clk 00:27:56]} {[%emt 00:00:05]} g5 {[%clk 00:21:19]} {[%emt
00:00:10]} 55. Kg1 {[%clk 00:28:15]} {[%emt 00:00:12]} g4 {[%clk 00:21:36]}
{[%emt 00:00:13]} 0-1

[Event "DEM U18 2025"]
[Site "Willingen GER"]
[Date "2025.06.09"]
[Round "3"]
[White "Stork, Christopher"]
[Black "Hanmuradov, Ülwi"]
[Result "1-0"]
[Termination "normal"]
[Board "12"]
[WhiteElo "2132"]
[BlackElo "1790"]
[WhiteClock "00:19:29"]
[BlackClock "00:04:28"]
[PlyCount "69"]
[WhiteFideId "16215400"]
[BlackFideId "34658840"]
[EventCountry "GER"]
[EventRounds "9"]
[EventType "swiss"]
[EventDate "2025.06.07"]

1. e4 {[%clk 01:30:32]} {[%emt 00:00:28]} c5 {[%clk 01:30:46]} {[%emt
00:00:15]} 2. d4 {[%clk 01:30:54]} {[%emt 00:00:07]} cxd4 {[%clk 01:30:50]}
{[%emt 00:00:26]} 3. Qxd4 {[%clk 01:31:19]} {[%emt 00:00:06]} Nc6 {[%clk
01:30:57]} {[%emt 00:00:22]} 4. Qd3 {[%clk 01:31:43]} {[%emt 00:00:06]} Nf6
{[%clk 01:30:33]} {[%emt 00:00:54]} 5. Nc3 {[%clk 01:31:08]} {[%emt 00:01:05]}
g6 {[%clk 01:29:30]} {[%emt 00:01:33]} 6. Nf3 {[%clk 01:31:32]} {[%emt
00:00:07]} d6 {[%clk 01:27:41]} {[%emt 00:02:18]} 7. Be2 {[%clk 01:31:46]}
{[%emt 00:00:16]} Bg7 {[%clk 01:27:36]} {[%emt 00:00:35]} 8. O-O {[%clk
01:32:04]} {[%emt 00:00:12]} O-O {[%clk 01:27:00]} {[%emt 00:01:07]} 9. Nd5
{[%clk 01:32:25]} {[%emt 00:00:09]} Bg4 {[%clk 01:22:24]} {[%emt 00:05:05]} 10.
c3 {[%clk 01:32:02]} {[%emt 00:00:52]} Qd7 {[%clk 01:11:28]} {[%emt 00:11:27]}
11. Bg5 {[%clk 01:20:33]} {[%emt 00:11:59]} Nxd5 {[%clk 01:02:05]} {[%emt
00:09:53]} 12. exd5 {[%clk 01:18:42]} {[%emt 00:02:21]} Bxf3 {[%clk 00:55:20]}
{[%emt 00:07:16]} 13. Qxf3 {[%clk 01:17:35]} {[%emt 00:01:36]} Ne5 {[%clk
00:53:30]} {[%emt 00:02:20]} 14. Qe3 {[%clk 01:15:02]} {[%emt 00:03:01]} Rfe8
{[%clk 00:48:34]} {[%emt 00:05:29]} 15. a4 {[%clk 01:12:06]} {[%emt 00:03:26]}
a6 {[%clk 00:47:33]} {[%emt 00:01:31]} 16. Qb6 {[%clk 01:03:05]} {[%emt
00:09:30]} Rac8 {[%clk 00:43:16]} {[%emt 00:04:48]} 17. Qb3 {[%clk 01:01:47]}
{[%emt 00:01:48]} Qc7 {[%clk 00:38:36]} {[%emt 00:05:09]} 18. a5 {[%clk
00:58:17]} {[%emt 00:04:00]} Nd7 {[%clk 00:36:16]} {[%emt 00:02:50]} 19. Be3
{[%clk 00:51:15]} {[%emt 00:07:32]} Rb8 {[%clk 00:31:34]} {[%emt 00:05:13]} 20.
Rfd1 {[%clk 00:47:59]} {[%emt 00:03:45]} Nc5 {[%clk 00:30:37]} {[%emt
00:01:27]} 21. Qc2 {[%clk 00:46:34]} {[%emt 00:01:56]} h5 {[%clk 00:27:50]}
{[%emt 00:03:17]} 22. Ra3 {[%clk 00:41:10]} {[%emt 00:05:54]} Rec8 {[%clk
00:24:23]} {[%emt 00:03:58]} 23. h3 {[%clk 00:35:58]} {[%emt 00:05:41]} Nd7
{[%clk 00:20:45]} {[%emt 00:04:08]} 24. Qb3 {[%clk 00:26:54]} {[%emt 00:09:33]}
Nc5 {[%clk 00:18:35]} {[%emt 00:02:40]} 25. Qa2 {[%clk 00:26:53]} {[%emt
00:00:31]} Nd7 {[%clk 00:16:49]} {[%emt 00:02:17]} 26. Rc1 {[%clk 00:24:53]}
{[%emt 00:02:29]} Qd8 {[%clk 00:13:19]} {[%emt 00:04:00]} 27. b4 {[%clk
00:22:28]} {[%emt 00:02:55]} Rc7 {[%clk 00:09:11]} {[%emt 00:04:39]} 28. c4
{[%clk 00:22:38]} {[%emt 00:00:19]} Rbc8 {[%clk 00:09:07]} {[%emt 00:00:33]}
29. Rd3 {[%clk 00:21:25]} {[%emt 00:01:43]} Ne5 {[%clk 00:08:07]} {[%emt
00:01:32]} 30. Rdd1 {[%clk 00:21:27]} {[%emt 00:00:27]} Nd7 {[%clk 00:07:45]}
{[%emt 00:00:52]} 31. Bb6 {[%clk 00:19:24]} {[%emt 00:02:34]} Nxb6 {[%clk
00:06:59]} {[%emt 00:01:16]} 32. axb6 {[%clk 00:19:48]} {[%emt 00:00:05]} Rd7
{[%clk 00:07:11]} {[%emt 00:00:18]} 33. c5 {[%clk 00:19:44]} {[%emt 00:00:34]}
dxc5 {[%clk 00:06:10]} {[%emt 00:01:31]} 34. bxc5 {[%clk 00:20:01]} {[%emt
00:00:12]} Kh7 {[%clk 00:04:28]} {[%emt 00:02:13]} 35. Bf3 {[%clk 00:19:29]}
{[%emt 00:01:02]} 1-0